FOOD INDUSTRIES MANUAL (Record no. 210782)
[ view plain ]
| 000 -LEADER | |
|---|---|
| fixed length control field | 00346nam a22001457a 4500 |
| 008 - FIXED-LENGTH DATA ELEMENTS--GENERAL INFORMATION | |
| fixed length control field | 240722b |||||||| |||| 00| 0 eng d |
| 020 ## - INTERNATIONAL STANDARD BOOK NUMBER | |
| International Standard Book Number | 0-916-845-00-1 |
| 050 ## - LIBRARY OF CONGRESS CALL NUMBER | |
| Classification number | 1 |
| 100 ## - MAIN ENTRY--PERSONAL NAME | |
| Personal name | RANKEN M.D |
| 245 ## - TITLE STATEMENT | |
| Title | FOOD INDUSTRIES MANUAL |
| 250 ## - EDITION STATEMENT | |
| Edition statement | 21ST |
| 260 ## - PUBLICATION, DISTRIBUTION, ETC. | |
| Place of publication, distribution, etc. | KAPITAN SZABO PUBLISHERS |
| Date of publication, distribution, etc. | 1984 |
| 942 ## - ADDED ENTRY ELEMENTS (KOHA) | |
| Source of classification or shelving scheme | Library of Congress Classification |
| Koha item type | Long Loan Book |
| Withdrawn status | Lost status | Source of classification or shelving scheme | Damaged status | Not for loan | Collection | Home library | Current library | Date acquired | Total checkouts | Full call number | Barcode | Date last seen | Copy number | Price effective from | Koha item type |
|---|---|---|---|---|---|---|---|---|---|---|---|---|---|---|---|
| Library of Congress Classification | Science & Technology | Kisii University Library | Kisii University Library | 07/22/2024 | TP 370.4 F66 1984 | 000000006297 | 07/22/2024 | C.1 | 07/22/2024 | Long Loan Book |